| 000 | 00636nam a22002052 4500 | ||
|---|---|---|---|
| 001 | 0000018819 | ||
| 005 | 20151021151130.0 | ||
| 008 | 100801s xx 000 0 eng d | ||
| 020 | _a0751763805 : | ||
| 040 |
_aKABU _cKABU |
||
| 110 | 2 |
_aBPP Learning Media. _@0000178232 |
|
| 245 | 1 | 0 |
_aACCA paper P6 advanced taxation FA 2009 : _bstudy text / _cBPP Learning Media. |
| 250 | _a4th ed. | ||
| 260 |
_aLondon : _bBPP Learning Media, _c2009. |
||
| 300 | _ax, 599 p. | ||
| 650 | 0 |
_aTaxation _zGreat Britain. _@0000152740 |
|
| 852 | 1 | _9p2250 KES | |
| 908 | _a100801 | ||
| 950 | _@1 | ||
| 999 |
_c1009 _d1009 |
||